| 000 | 01038nam a22003015a 4500 | ||
|---|---|---|---|
| 001 | 15401226 | ||
| 005 | 20201128020713.0 | ||
| 008 | 080806s2008 mnu 000 0 eng | ||
| 010 | _a 2008934727 | ||
| 020 | _a9780324658422 (pbk.) | ||
| 020 | _a0324658427 | ||
| 040 |
_aDLC _cDLC |
||
| 082 |
_222 _a332.6 _bBRO |
||
| 100 | 1 |
_aBrown, Keith C. _92814 |
|
| 245 | 1 | 0 |
_aAnalysis of Investments and management portfolios / _cFrank K. Reilly, Keith C. Brown. |
| 250 |
_a9th ed. _bInternational student edition. |
||
| 260 |
_aEagan, MN : _bSouth-Western Cengage Learning, _cc2009. |
||
| 263 | _a0811 | ||
| 300 |
_axxiv, 1041 p. : _bill. ; _c26 cm. |
||
| 500 | _aPrevious ed. published as: Investment analysis and portfolio management. Mason, OH : Thomson/South-Western, 2006. | ||
| 504 | _aBibliography:p.995-1012 and index | ||
| 650 |
_92032 _aPortfolio management |
||
| 650 |
_91288 _aInvestment analysis |
||
| 650 |
_92812 _a Investments |
||
| 700 | 1 |
_92813 _aReilly, Frank K. |
|
| 942 |
_2ddc _cNB |
||
| 999 |
_c11121 _d11121 |
||